Informační systémy v 21. století
Software ako účinný prostriedok k zvýšeniu produktivity firmy a k zjednodušeniu a urýchleniu všetkých jej činností. Hlavné rozhodujúce kritéria pre výber informačného systému. Elektronické podnikanie.
Guardado en:
| Formato: | Capítulo de libro |
|---|---|
| Lenguaje: | checo |
| Materias: | |
| Etiquetas: |
Sin Etiquetas, Sea el primero en etiquetar este registro!
|
MARC
| LEADER | 00000naa a2200000 4500 | ||
|---|---|---|---|
| 001 | r037880 | ||
| 005 | 20231002100634.1 | ||
| 041 | 0 | |a cze | |
| 044 | |a CZ | ||
| 245 | 1 | 0 | |a Informační systémy v 21. století |
| 520 | |a Software ako účinný prostriedok k zvýšeniu produktivity firmy a k zjednodušeniu a urýchleniu všetkých jej činností. Hlavné rozhodujúce kritéria pre výber informačného systému. Elektronické podnikanie. | ||
| 610 | 2 | 0 | |a systémy informačné |
| 610 | 2 | 0 | |a systémy informačné riadiace |
| 610 | 2 | 0 | |a technológie informačné |
| 610 | 2 | 0 | |a riadenie výroby |
| 610 | 2 | 0 | |a organizácia práce |
| 610 | 2 | 0 | |a organizácia výroby |
| 610 | 2 | 0 | |a softvér |
| 610 | 2 | 0 | |a procesy rozhodovacie |